MARC

LEADER 00000nam0a2200000 4500
001 362660
005 20231102011519.0
035 |a (RuTPU)RU\TPU\retro\20006 
035 |a RU\TPU\retro\20003 
090 |a 362660 
100 |a 20210816d1974 k y0rusy50 ca 
101 0 |a rus 
102 |a RU 
105 |a a z 001zy 
200 1 |a Нейтральные токовые слои в плазме  |e [сборник научных трудов]  |f Академия наук СССР (АН СССР), Физический институт им. П. Н. Лебедева (ФИАН) ; отв. ред. Н. Г. Басов 
210 |a Москва  |c Наука  |d 1974 
215 |a 167 с.  |c ил. 
225 1 |a Труды физического института им. П. Н. Лебедева (ФИАН)  |v Т. 74 
320 |a Библиогр. в конце статей 
606 1 |a Плазма высокотемпературная  |x Параметры  |x Измерение  |2 stltpush  |3 (RuTPU)RU\TPU\subj\48926  |9 67743 
610 1 |a токовые слои 
610 1 |a космическая плазма 
610 1 |a сильное магнитное поле 
610 1 |a гидродинамические течения 
610 1 |a магнитная гидродинамика 
610 1 |a численное интегрирование 
610 1 |a уравнения 
675 |a 533.916  |v 4 
702 1 |a Басов  |b Н. Г.  |c российский физик  |f 1922-2001  |g Николай Геннадьевич  |2 stltpush  |3 (RuTPU)RU\TPU\pers\17096  |4 340  |9 6236 
712 0 2 |a Академия наук СССР (АН СССР)  |b Физический институт им. П. Н. Лебедева (ФИАН)  |c (Москва)  |2 stltpush  |3 (RuTPU)RU\TPU\col\13766  |4 570 
801 1 |a RU  |b 63413507  |c 20090330  |g PSBO 
801 2 |a RU  |b 63413507  |c 20210816  |g PSBO 
942 |c BK